[Event "Warsaw Najdorf Memorial op-B 11th"]
[Site "Warsaw"]
[Date "2013.08.12"]
[Round "8"]
[White "Pekacki, Stanislaw"]
[Black "Kowalski, Igor"]
[Result "1/2-1/2"]
[WhiteElo "1933"]
[BlackElo "1790"]
[PlyCount "87"]
[EventDate "2013.08.05"]
[EventType "swiss"]
[EventRounds "9"]
[EventCountry "POL"]
[SourceTitle "CBM 155 Extra"]
[Source "ChessBase"]
[SourceDate "2013.08.26"]
[SourceVersion "1"]
[SourceVersionDate "2013.08.26"]
[SourceQuality "1"]

1. e4 c5 2. Nf3 e6 3. d3 Nc6 4. g3 d5 5. e5 Nge7 6. c3 Ng6 7. d4 Qb6 8. Be2 Be7 9. 0-0 0-0 10. h4 Re8 11. h5 Nf8 12. h6 g6 13. Na3 Nd7 14. Nc2 Rf8 15. b3 cxd4 16. cxd4 f6 17. exf6 Bxf6 18. Be3 Qd8 19. Qd2 Nb6 20. Ng5 Ne7 21. g4 Nc6 22. f4 Bxg5 23. fxg5 Bd7 24. Bf4 Qe7 25. Qe3 Rf7 26. Rf2 e5 27. dxe5 Be6 28. Nd4 Nxd4 29. Qxd4 Qd7 30. Bd2 Rxf2 31. Kxf2 Rc8 32. Rc1 Rxc1 33. Bxc1 Qc7 34. Ba3 Qd8 35. Qc5 Nd7 36. Qe3 a6 37. Bc1 Qc7 38. Bb2 Nc5 39. Bf3 Qc6 40. Qc3 Kf7 41. b4 Ne4+ 42. Bxe4 Qxc3 43. Bxc3 dxe4 44. a4 1/2-1/2

[Event "Warsaw Najdorf Memorial op-B 11th"]
[Site "Warsaw"]
[Date "2013.08.08"]
[Round "5"]
[White "Pastuszko, Kinga"]
[Black "Pekacki, Stanislaw"]
[Result "1/2-1/2"]
[WhiteElo "1851"]
[BlackElo "1933"]
[PlyCount "47"]
[EventDate "2013.08.05"]
[EventType "swiss"]
[EventRounds "9"]
[EventCountry "POL"]
[SourceTitle "CBM 155 Extra"]
[Source "ChessBase"]
[SourceDate "2013.08.26"]
[SourceVersion "1"]
[SourceVersionDate "2013.08.26"]
[SourceQuality "1"]

1. e4 Nf6 2. e5 Nd5 3. c4 Nb6 4. d4 d6 5. exd6 cxd6 6. Nf3 g6 7. Bd3 Bg7 8. 0-0 0-0 9. Re1 Nc6 10. d5 Ne5 11. Nxe5 Bxe5 12. Nc3 Nd7 13. Bh6 Bg7 14. Bxg7 Kxg7 15. Qe2 Re8 16. Qe3 Nf6 17. Ne4 Nxe4 18. Bxe4 Bd7 19. f4 Qb6 20. b3 Qxe3+ 21. Rxe3 b5 22. Bd3 bxc4 23. Bxc4 h5 24. Rd1 1/2-1/2

[Event "Warsaw Najdorf Memorial op-B 11th"]
[Site "Warsaw"]
[Date "2013.08.07"]
[Round "4"]
[White "Pekacki, Stanislaw"]
[Black "Cyra, Dariusz"]
[Result "1-0"]
[WhiteElo "1933"]
[BlackElo "1812"]
[PlyCount "87"]
[EventDate "2013.08.05"]
[EventType "swiss"]
[EventRounds "9"]
[EventCountry "POL"]
[SourceTitle "CBM 155 Extra"]
[Source "ChessBase"]
[SourceDate "2013.08.26"]
[SourceVersion "1"]
[SourceVersionDate "2013.08.26"]
[SourceQuality "1"]

1. e4 e6 2. d3 d5 3. Nd2 c5 4. Ngf3 Nc6 5. g3 Nf6 6. Bg2 Be7 7. 0-0 b5 8. Re1 0-0 9. Qe2 Qb6 10. Nf1 dxe4 11. dxe4 e5 12. Ne3 Be6 13. c3 Rad8 14. Ng5 c4 15. Nd5 Bg4 16. Nxf6+ gxf6 17. Qxg4 fxg5 18. Bxg5 Kh8 19. Bxe7 Nxe7 20. Rad1 Qg6 21. Qh4 f6 22. Qh3 Qf7 23. Rd7 a5 24. Red1 Rxd7 25. Qxd7 Qe8 26. Bh3 Qxd7 27. Rxd7 Nc6 28. Bf5 Rd8 29. Rxh7+ Kg8 30. Rd7 Rxd7 31. Bxd7 Na7 32. h4 Kf8 33. h5 Ke7 34. Kg2 b4 35. a3 b3 36. Kf3 Kxd7 37. h6 Nb5 38. h7 Nxc3 39. h8Q Nd1 40. Qg7+ Kc6 41. Qxf6+ Kb5 42. Qxe5+ Ka4 43. Qd4 Kb5 44. Qxd1 1-0

[Event "Warsaw Najdorf Memorial op-B 11th"]
[Site "Warsaw"]
[Date "2013.08.06"]
[Round "2"]
[White "Pekacki, Stanislaw"]
[Black "Niedzwiecki, Miroslaw"]
[Result "1-0"]
[WhiteElo "1933"]
[BlackElo "1685"]
[PlyCount "31"]
[EventDate "2013.08.05"]
[EventType "swiss"]
[EventRounds "9"]
[EventCountry "POL"]
[SourceTitle "CBM 155 Extra"]
[Source "ChessBase"]
[SourceDate "2013.08.26"]
[SourceVersion "1"]
[SourceVersionDate "2013.08.26"]
[SourceQuality "1"]

1. e4 e5 2. Nf3 Nf6 3. Nc3 Bb4 4. Bc4 0-0 5. 0-0 Nxe4 6. Nd5 Nd6 7. Bb3 Ba5 8. d4 Nf5 9. Bg5 Qe8 10. Nxe5 c6 11. Nf6+ gxf6 12. Bxf6 Ne7 13. Qh5 Bd8 14. Qh6 Nf5 15. Qg5+ Ng7 16. Qxg7# 1-0

[Event "Warsaw Najdorf Memorial op-B"]
[Site "Warsaw"]
[Date "2011.07.16"]
[Round "3"]
[White "Pekacki, Stanislaw"]
[Black "Karwowski, Kacper"]
[Result "1-0"]
[WhiteElo "1927"]
[BlackElo "1729"]
[PlyCount "73"]
[EventDate "2011.07.14"]
[EventType "swiss"]
[EventRounds "9"]
[EventCountry "POL"]
[SourceTitle "EXT 2012"]
[Source "ChessBase"]
[SourceDate "2011.11.24"]
[SourceVersion "1"]
[SourceVersionDate "2011.11.24"]
[SourceQuality "1"]

1. e4 c5 2. Nf3 e6 3. d3 d5 4. Nbd2 Nc6 5. g3 Nf6 6. Bg2 b6 7. 0-0 Bb7 8. e5 Nd7 9. Re1 Qc7 10. Qe2 g6 11. Nf1 Bg7 12. Bf4 h6 13. h4 Ba6 14. Ne3 0-0-0 15. Ng4 Rde8 16. c4 d4 17. a3 h5 18. Ngh2 Bb7 19. b4 Kb8 20. Rab1 Bf8 21. Ng5 Nd8 22. Nhf3 Kc8 23. Ne4 Bxe4 24. Qxe4 Qc6 25. Qe2 Qc7 26. Ng5 Be7 27. Ne4 Nb7 28. Qf3 Rhf8 29. Nd6+ Bxd6 30. exd6 Qb8 31. Qc6+ Kd8 32. Qxb7 Qxb7 33. Bxb7 e5 34. Bd2 Re6 35. Bc6 Nb8 36. Bd5 Rxd6 37. bxc5 1-0

[Event "Warsaw YMCA Summer-B 64th"]
[Site "Warsaw"]
[Date "2009.07.24"]
[Round "4"]
[White "Szukalski, Antoni"]
[Black "Pekacki, Stanislaw"]
[Result "0-1"]
[WhiteElo "1914"]
[BlackElo "1910"]
[PlyCount "64"]
[EventDate "2009.07.08"]
[EventType "tourn"]
[EventRounds "9"]
[EventCountry "POL"]
[SourceTitle "EXT 2011"]
[Source "ChessBase"]
[SourceDate "2010.11.26"]
[SourceVersion "1"]
[SourceVersionDate "2010.11.26"]
[SourceQuality "1"]

1. e4 c5 2. Nf3 Nc6 3. d4 cxd4 4. Nxd4 g6 5. Nxc6 bxc6 6. Bd3 Bg7 7. 0-0 Nf6 8. c3 0-0 9. Be3 Qc7 10. Nd2 d5 11. f3 Rd8 12. Qe2 Rb8 13. Nb3 Nd7 14. Kh1 a5 15. Nc5 Nxc5 16. Bxc5 e5 17. Rfd1 Be6 18. b3 Rd7 19. Qf2 Qd8 20. Bc2 d4 21. cxd4 exd4 22. Bd3 a4 23. bxa4 Qa5 24. Qc2 Rdb7 25. Ba3 c5 26. Rab1 Rxb1 27. Rxb1 Rxb1+ 28. Qxb1 Bxa2 29. Qb8+ Bf8 30. h3 Qc3 31. Qb2 c4 32. Bxf8 Qxb2 0-1

[Event "Warsaw Najdorf Memorial op-B"]
[Site "Warsaw"]
[Date "2008.08.08"]
[Round "7"]
[White "Moskwinski, Marek"]
[Black "Pekacki, Stanislaw"]
[Result "1-0"]
[WhiteElo "1772"]
[BlackElo "1970"]
[PlyCount "53"]
[EventDate "2008.08.02"]
[EventType "swiss"]
[EventRounds "9"]
[EventCountry "POL"]
[SourceTitle "CBM 126 Extra"]
[Source "ChessBase"]
[SourceDate "2008.11.05"]
[SourceVersion "1"]
[SourceVersionDate "2008.11.05"]
[SourceQuality "1"]

1. e4 c5 2. c3 Nf6 3. e5 Nd5 4. d4 cxd4 5. cxd4 Nc6 6. Nc3 Nxc3 7. bxc3 d6 8. Nf3 e6 9. Bf4 Be7 10. Bb5 0-0 11. Bxc6 bxc6 12. Qa4 Qc7 13. 0-0 c5 14. Rab1 d5 15. c4 Bd7 16. Qa6 Bc6 17. dxc5 Bxc5 18. Rfd1 Rab8 19. Be3 Bxe3 20. fxe3 dxc4 21. Qxc4 Rxb1 22. Rxb1 Qd7 23. Qd4 Qe7 24. Qd6 Qxd6 25. exd6 f6 26. Rc1 Bd5 27. d7 1-0

[Event "Warsaw Najdorf Memorial op-B"]
[Site "Warsaw"]
[Date "2008.08.05"]
[Round "4"]
[White "Pekacki, Stanislaw"]
[Black "Prazmowski, Wlodzimierz"]
[Result "0-1"]
[WhiteElo "1970"]
[BlackElo "1733"]
[PlyCount "64"]
[EventDate "2008.08.02"]
[EventType "swiss"]
[EventRounds "9"]
[EventCountry "POL"]
[SourceTitle "CBM 126 Extra"]
[Source "ChessBase"]
[SourceDate "2008.11.05"]
[SourceVersion "1"]
[SourceVersionDate "2008.11.05"]
[SourceQuality "1"]

1. e4 c5 2. Nf3 d6 3. d4 cxd4 4. Nxd4 Nf6 5. Nc3 a6 6. Bc4 e6 7. Bb3 Be7 8. 0-0 0-0 9. Be3 b5 10. a3 Bb7 11. f3 Nbd7 12. Qe2 Rc8 13. Rad1 Qc7 14. Qf2 Ne5 15. Qg3 Ng6 16. Kh1 Qa5 17. Qf2 b4 18. axb4 Qxb4 19. Ra1 d5 20. exd5 Nxd5 21. Nxd5 Bxd5 22. Rxa6 Bb7 23. Ra4 Qd6 24. Rfa1 Ra8 25. Nb5 Rxa4 26. Bxa4 Qd5 27. Nc3 Qh5 28. Rd1 Ne5 29. Re1 Bh4 30. g3 Nxf3 31. Rg1 Ne1+ 32. Rg2 Nxg2 0-1

[Event "Milanowek-chA 14th"]
[Site "Milanowek"]
[Date "2008.06.27"]
[Round "7.15"]
[White "Pekacki, Stanislaw"]
[Black "Eggink, Mateusz"]
[Result "1-0"]
[WhiteElo "1995"]
[BlackElo "1725"]
[PlyCount "119"]
[EventDate "2008.06.21"]
[EventType "swiss"]
[EventRounds "7"]
[EventCountry "POL"]
[SourceTitle "EXT 2023"]
[Source "ChessBase"]
[SourceDate "2022.10.05"]
[SourceVersion "1"]
[SourceVersionDate "2022.10.05"]
[SourceQuality "1"]

1. e4 c5 2. Nf3 Nc6 3. d3 e6 4. Nbd2 d6 5. g3 g6 6. Bg2 Bg7 7. 0-0 Nge7 8. Re1 0-0 9. c3 b6 10. Nf1 Bb7 11. h4 Qd7 12. Bf4 Rad8 13. N1h2 d5 14. e5 d4 15. c4 Kh8 16. Qe2 Rde8 17. Ng4 Ng8 18. Ng5 h6 19. Ne4 h5 20. Ngf6 Bxf6 21. Nxf6 Nxf6 22. exf6 Kh7 23. Be4 Kh8 24. Bh6 Rg8 25. Qd2 Qd8 26. Bf8 g5 27. Bg7+ Rxg7 28. fxg7+ Kxg7 29. Qxg5+ Qxg5 30. hxg5 Na5 31. Bxb7 Nxb7 32. Re5 Rd8 33. Kg2 Kg6 34. Rh1 Nd6 35. Kf3 Nf5 36. Kf4 Rc8 37. Ree1 Rd8 38. a3 Rc8 39. b4 Rc7 40. b5 Nd6 41. a4 Nb7 42. Rh2 Re7 43. Reh1 e5+ 44. Ke4 Kxg5 45. Rxh5+ Kf6 46. Rf5+ Kg6 47. Rxe5 f5+ 48. Kd5 Rd7+ 49. Kc6 Rf7 50. Re8 Na5+ 51. Kd6 Kf6 52. Re6+ Kg5 53. Rh4 f4 54. Rxf4 Rxf4 55. gxf4+ Kxf4 56. Rf6+ Kg4 57. Rf7 Nb3 58. Rxa7 Nc1 59. a5 Nxd3 60. axb6 1-0

[Event "Milanowek-chA 14th"]
[Site "Milanowek"]
[Date "2008.06.24"]
[Round "4.7"]
[White "Pekacki, Stanislaw"]
[Black "Bielecki, Pawel"]
[Result "0-1"]
[WhiteElo "1995"]
[BlackElo "2063"]
[PlyCount "104"]
[EventDate "2008.06.21"]
[EventType "swiss"]
[EventRounds "7"]
[EventCountry "POL"]
[SourceTitle "EXT 2023"]
[Source "ChessBase"]
[SourceDate "2022.10.05"]
[SourceVersion "1"]
[SourceVersionDate "2022.10.05"]
[SourceQuality "1"]

1. e4 e6 2. d4 d5 3. e5 c5 4. c3 Qb6 5. Nf3 Nc6 6. a3 c4 7. Nbd2 Bd7 8. b4 a5 9. Bb2 a4 10. Be2 Na7 11. Nf1 Nb5 12. Qd2 Ne7 13. Ne3 Qc7 14. Bd1 Nc8 15. Bc2 Nb6 16. h4 Be7 17. h5 h6 18. Nh4 0-0-0 19. f4 Rde8 20. Nf3 Kb8 21. 0-0-0 Ref8 22. Kb1 Qd8 23. g4 Be8 24. Rdg1 g5 25. f5 Qc8 26. Bc1 Bd7 27. Kb2 Qc6 28. Nf1 Rc8 29. Qf2 Rc7 30. f6 Bf8 31. Nxg5 hxg5 32. Bxg5 Bxb4 33. axb4 a3+ 34. Ka1 Nxc3 35. Bc1 Nba4 36. Ne3 Qb6 37. Nd1 Qxb4 38. Qe1 Rc6 39. Nxc3 Qxc3+ 40. Qxc3 Nxc3 41. Bxa3 Ra6 42. Kb2 Nb5 43. Bd6+ Nxd6 44. exd6 e5 45. dxe5 d4 46. Be4 c3+ 47. Kb3 Be6+ 48. Kb4 Rc8 49. Bd3 Rb6+ 50. Ka5 Rb2 51. Rb1 Rc5+ 52. Ka4 Bd7+ 0-1

[Event "Warsaw Elo-B"]
[Site "Warsaw"]
[Date "2008.01.02"]
[Round "1"]
[White "Szefer, Michal"]
[Black "Pekacki, Stanislaw"]
[Result "0-1"]
[WhiteElo "2037"]
[BlackElo "1995"]
[PlyCount "86"]
[EventDate "2008.01.02"]
[EventType "tourn"]
[EventRounds "13"]
[EventCountry "POL"]
[SourceTitle "EXT 2010"]
[Source "ChessBase"]
[SourceDate "2010.11.25"]
[SourceVersion "1"]
[SourceVersionDate "2010.11.25"]
[SourceQuality "1"]

1. e4 c5 2. Nf3 Nc6 3. d4 cxd4 4. Nxd4 g6 5. Nc3 Bg7 6. Be3 Nf6 7. Bc4 d6 8. f3 Qa5 9. Bb3 Bd7 10. Qd2 0-0 11. 0-0-0 Rfc8 12. h4 Ne5 13. h5 Nxh5 14. g4 Nf6 15. Bh6 Bxh6 16. Qxh6 Rxc3 17. bxc3 Qxc3 18. Kb1 Nc4 19. Bxc4 Qxc4 20. g5 Nh5 21. Rxh5 gxh5 22. Qxh5 Be6 23. Nxe6 Qxe6 24. Rh1 Qg6 25. Qg4 Qe6 26. Qh4 Qg6 27. Qh3 Rd8 28. Qg4 Qe6 29. Qf4 Kg7 30. Qh4 Rh8 31. Qf2 b6 32. Qd4+ Qe5 33. Qc4 Qc5 34. Qd3 Rc8 35. e5 Rh8 36. exd6 Qxd6 37. Qc3+ e5 38. f4 Qd4 39. Qh3 exf4 40. Qh6+ Kg8 41. Rh3 f3 42. Rh4 Qe5 43. g6 hxg6 0-1

[Event "POL-chT 2nd League"]
[Site "Wysowa"]
[Date "2007.09.08"]
[Round "5"]
[White "Kempinski, Tomasz"]
[Black "Pekacki, Stanislaw"]
[Result "1/2-1/2"]
[WhiteElo "2287"]
[BlackElo "2079"]
[PlyCount "69"]
[EventDate "2007.09.03"]
[EventType "team-swiss"]
[EventRounds "9"]
[EventCountry "POL"]
[SourceTitle "EXT 2010"]
[Source "ChessBase"]
[SourceDate "2010.11.25"]
[SourceVersion "1"]
[SourceVersionDate "2010.11.25"]
[SourceQuality "1"]
[WhiteTeam "Gdanski Drapol Jantar Pruszcz"]
[BlackTeam "Miedzyborow Wrzos"]
[WhiteTeamCountry "POL"]
[BlackTeamCountry "POL"]

1. e4 c5 2. Nf3 Nc6 3. d4 cxd4 4. Nxd4 g6 5. Nc3 Bg7 6. Be3 Nf6 7. Be2 0-0 8. 0-0 d5 9. Nxc6 bxc6 10. e5 Nd7 11. f4 e6 12. Na4 a5 13. c3 Ba6 14. Bxa6 Rxa6 15. Qe2 Ra8 16. Nc5 Qc7 17. a4 Nxc5 18. Bxc5 Rfb8 19. Bd6 Qb6+ 20. Rf2 Rc8 21. g4 Bf8 22. f5 exf5 23. gxf5 Bxd6 24. exd6 Re8 25. Qg4 Re4 26. Qf3 Re3 27. Qg2 Qd8 28. Raf1 Qxd6 29. fxg6 fxg6 30. Rf6 Re6 31. Rf7 Rae8 32. Qh3 h5 33. R7f2 Re1 34. Rxe1 Rxe1+ 35. Kg2 1/2-1/2

[Event "POL-chT 2nd League"]
[Site "Wysowa"]
[Date "2007.09.06"]
[Round "4"]
[White "Pekacki, Stanislaw"]
[Black "Puczylowski, Marcin"]
[Result "1-0"]
[WhiteElo "2079"]
[BlackElo "1927"]
[PlyCount "53"]
[EventDate "2007.09.03"]
[EventType "team-swiss"]
[EventRounds "9"]
[EventCountry "POL"]
[SourceTitle "EXT 2010"]
[Source "ChessBase"]
[SourceDate "2010.11.25"]
[SourceVersion "1"]
[SourceVersionDate "2010.11.25"]
[SourceQuality "1"]
[WhiteTeam "Miedzyborow Wrzos"]
[BlackTeam "Olsztyn Trzydziestka"]
[WhiteTeamCountry "POL"]
[BlackTeamCountry "POL"]

1. e4 c5 2. Nf3 d6 3. d4 cxd4 4. Nxd4 Nf6 5. Nc3 a6 6. Bc4 e6 7. Bb3 b5 8. 0-0 b4 9. Na4 Nxe4 10. Re1 d5 11. c4 bxc3 12. Nxc3 Nxc3 13. bxc3 Be7 14. Bf4 Bd7 15. Nf5 exf5 16. Qxd5 0-0 17. Qxa8 Bf6 18. Rac1 Bc6 19. Qxb8 Qxb8 20. Bxb8 Rxb8 21. Red1 Bg5 22. Rb1 Be4 23. Bxf7+ Kxf7 24. Rxb8 a5 25. Rd7+ Kf6 26. f3 a4 27. Rb2 1-0

[Event "Najdorf Memorial op-A"]
[Site "Grodzisk Mazowiecki"]
[Date "2007.07.28"]
[Round "9"]
[White "Pekacki, Stanislaw"]
[Black "Brudzinski, Maciej"]
[Result "1-0"]
[WhiteElo "2079"]
[BlackElo "2114"]
[PlyCount "95"]
[EventDate "2007.07.20"]
[EventType "swiss"]
[EventRounds "9"]
[EventCountry "POL"]
[SourceTitle "CBM 119 Extra"]
[Source "ChessBase"]
[SourceDate "2007.09.04"]
[SourceVersion "1"]
[SourceVersionDate "2007.09.04"]
[SourceQuality "1"]

1. e4 c5 2. Nf3 Nc6 3. d4 cxd4 4. Nxd4 a6 5. c4 g6 6. Nc3 Bg7 7. Be3 d6 8. Be2 Nxd4 9. Bxd4 e5 10. Be3 Be6 11. Qd2 Ne7 12. Rd1 Rc8 13. Qxd6 Qxd6 14. Rxd6 Bxc4 15. Bxc4 Rxc4 16. Rb6 Rc7 17. 0-0 Nc8 18. Nd5 Rd7 19. Rb3 0-0 20. Rd3 Kh8 21. Rfd1 b5 22. f3 Na7 23. Nb6 Rxd3 24. Rxd3 Nc6 25. Bc5 Rd8 26. Rxd8+ Nxd8 27. Nd7 Ne6 28. Bb6 Nf4 29. Nc5 Bf8 30. Nxa6 Nd3 31. b3 Nc1 32. a4 Nxb3 33. axb5 Bd6 34. Kf2 Nd2 35. Ke2 Nc4 36. Bc5 Kg7 37. Kd3 Nb2+ 38. Kc3 Na4+ 39. Kc4 Nxc5 40. Nxc5 Kf8 41. b6 h5 42. Kd5 Ke7 43. b7 h4 44. Na6 f5 45. b8Q Bxb8 46. Nxb8 f4 47. Kxe5 g5 48. Kf5 1-0

[Event "Najdorf Memorial op-A"]
[Site "Grodzisk Mazowiecki"]
[Date "2007.07.26"]
[Round "7"]
[White "Pekacki, Stanislaw"]
[Black "Llaneza Vega, Juan Alberto"]
[Result "0-1"]
[WhiteElo "2079"]
[BlackElo "2012"]
[PlyCount "76"]
[EventDate "2007.07.20"]
[EventType "swiss"]
[EventRounds "9"]
[EventCountry "POL"]
[SourceTitle "CBM 119 Extra"]
[Source "ChessBase"]
[SourceDate "2007.09.04"]
[SourceVersion "1"]
[SourceVersionDate "2007.09.04"]
[SourceQuality "1"]

1. e4 c5 2. Nf3 Nc6 3. d3 e6 4. g3 d5 5. e5 Nge7 6. Bg2 Ng6 7. Qe2 Qc7 8. Bf4 Be7 9. 0-0 f6 10. Nc3 Ncxe5 11. Nxe5 fxe5 12. Bd2 0-0 13. Nb5 Qb6 14. c4 d4 15. a4 a6 16. a5 Qd8 17. Na3 Qc7 18. Be4 Bd6 19. Qh5 Rf5 20. Bxf5 exf5 21. Nc2 Bd7 22. Ne1 Rf8 23. Nf3 Ne7 24. Bg5 Be8 25. Qh3 Ng6 26. Rae1 Bc6 27. Qh5 Qxa5 28. Nd2 Be8 29. Qh3 h6 30. Bxh6 gxh6 31. Qxh6 Qc7 32. f4 Qg7 33. Qxg7+ Kxg7 34. Nf3 exf4 35. Re6 Bb8 36. gxf4 Bd7 37. Rxg6+ Kxg6 38. Ne5+ Bxe5 0-1

[Event "Najdorf Memorial op-A"]
[Site "Grodzisk Mazowiecki"]
[Date "2007.07.24"]
[Round "5"]
[White "Przybyla, Kamil"]
[Black "Pekacki, Stanislaw"]
[Result "1-0"]
[WhiteElo "2035"]
[BlackElo "2079"]
[PlyCount "71"]
[EventDate "2007.07.20"]
[EventType "swiss"]
[EventRounds "9"]
[EventCountry "POL"]
[SourceTitle "CBM 119 Extra"]
[Source "ChessBase"]
[SourceDate "2007.09.04"]
[SourceVersion "1"]
[SourceVersionDate "2007.09.04"]
[SourceQuality "1"]

1. e4 c5 2. Nf3 Nc6 3. Bb5 g6 4. 0-0 Bg7 5. c3 Nf6 6. Re1 0-0 7. d4 d5 8. exd5 Nxd5 9. dxc5 Bg4 10. h3 Bf5 11. Bxc6 bxc6 12. Nd4 Bd7 13. Na3 e5 14. Nf3 Qe7 15. c4 Nb4 16. Bg5 f6 17. Nxe5 Be6 18. Bd2 Qxc5 19. Bxb4 Qxb4 20. Nxc6 Qxb2 21. Rxe6 Qxa3 22. Qd5 Kh8 23. c5 Qc3 24. Rae1 f5 25. Re7 a5 26. Rb1 Qc2 27. Rd1 Rfe8 28. Rde1 Rxe7 29. Nxe7 Rf8 30. c6 Bf6 31. Qd6 Kg7 32. c7 Qc3 33. Re3 Qc4 34. Nc6 f4 35. Qxf8+ Kxf8 36. Re8+ 1-0

[Event "Milanowek-ch 13th"]
[Site "Milanowek"]
[Date "2007.06.30"]
[Round "7"]
[White "Pekacki, Stanislaw"]
[Black "Kowalska, Elzbieta"]
[Result "1-0"]
[WhiteElo "2079"]
[BlackElo "1975"]
[PlyCount "87"]
[EventDate "2007.06.25"]
[EventType "swiss"]
[EventRounds "9"]
[EventCountry "POL"]
[SourceTitle "EXT 2011"]
[Source "ChessBase"]
[SourceDate "2010.11.26"]
[SourceVersion "1"]
[SourceVersionDate "2010.11.26"]
[SourceQuality "1"]

1. e4 c5 2. Nf3 Nc6 3. d4 cxd4 4. Nxd4 Nf6 5. Nc3 d6 6. Be2 e5 7. Nb3 Be7 8. 0-0 0-0 9. Be3 a5 10. a4 Nb4 11. f4 Be6 12. Nd2 exf4 13. Rxf4 d5 14. e5 Nd7 15. Bd4 Nc6 16. Nb3 Ndxe5 17. Kh1 Ng6 18. Rf1 Nxd4 19. Nxd4 Ne5 20. Ncb5 Rc8 21. c3 Nc4 22. Bxc4 Rxc4 23. Qe2 Bd7 24. Rfe1 Bxb5 25. Qxe7 Bc6 26. Qe5 g6 27. b3 Rc5 28. b4 axb4 29. cxb4 Rc4 30. b5 Be8 31. a5 f6 32. Qe3 Bf7 33. Ne6 Bxe6 34. Qxe6+ Kg7 35. a6 bxa6 36. bxa6 Rf7 37. a7 Qa8 38. Qe8 Rf8 39. Re7+ Kh6 40. Qd7 Qc6 41. Rxh7+ Kg5 42. Qxc6 Rxc6 43. h4+ Kf4 44. a8Q 1-0

[Event "Milanowek-ch 13th"]
[Site "Milanowek"]
[Date "2007.06.26"]
[Round "2"]
[White "Pekacki, Stanislaw"]
[Black "Staniak, Mariusz"]
[Result "0-1"]
[WhiteElo "2079"]
[BlackElo "1938"]
[PlyCount "116"]
[EventDate "2007.06.25"]
[EventType "swiss"]
[EventRounds "9"]
[EventCountry "POL"]
[SourceTitle "EXT 2011"]
[Source "ChessBase"]
[SourceDate "2010.11.26"]
[SourceVersion "1"]
[SourceVersionDate "2010.11.26"]
[SourceQuality "1"]

1. e4 c5 2. Nf3 e6 3. d3 Nc6 4. c3 d6 5. g3 Nf6 6. Bg2 Be7 7. 0-0 0-0 8. Re1 Qc7 9. Nbd2 b5 10. Nf1 Bb7 11. h4 a5 12. Qe2 b4 13. N3h2 bxc3 14. bxc3 Rab8 15. Rb1 Ba6 16. Bg5 Ne5 17. c4 Nc6 18. Nf3 h6 19. Bd2 Nd7 20. Bc3 Bf6 21. Qd2 Bxc3 22. Qxc3 Rxb1 23. Rxb1 Rb8 24. Rxb8+ Qxb8 25. N1d2 Qb4 26. Qc2 a4 27. Bf1 Nde5 28. Nxe5 Nd4 29. Qc1 dxe5 30. Nb1 Bb7 31. Kg2 f5 32. f3 Bc6 33. Kf2 f4 34. g4 Qb8 35. Kg2 Qd8 36. Qe1 Nc2 37. Qf2 Ne3+ 38. Kh3 Qd4 39. Na3 Qa1 40. Bg2 Qc1 41. Nb5 Bxb5 42. cxb5 Qb1 43. g5 h5 44. Kh2 Qxb5 45. Bh3 Qb6 46. Qd2 a3 47. Kg1 Qb2 48. Bxe6+ Kf8 49. Qf2 Qc1+ 50. Kh2 Qb2 51. Kg1 Qc1+ 52. Kh2 Nf1+ 53. Kg2 Ne3+ 54. Kh2 Qb2 55. Kg1 Qb1+ 56. Kh2 Qxd3 57. Bb3 c4 58. Ba4 c3 0-1

[Event "Warsaw YMCA Spring 36th"]
[Site "Warsaw"]
[Date "2007.05.11"]
[Round "6"]
[White "Pekacki, Stanislaw"]
[Black "Krasiewicz, Robert"]
[Result "0-1"]
[WhiteElo "2079"]
[BlackElo "2075"]
[PlyCount "98"]
[EventDate "2007.04.06"]
[EventType "tourn"]
[EventRounds "11"]
[EventCountry "POL"]
[SourceTitle "EXT 2011"]
[Source "ChessBase"]
[SourceDate "2010.11.26"]
[SourceVersion "1"]
[SourceVersionDate "2010.11.26"]
[SourceQuality "1"]

1. e4 e6 2. d4 d5 3. e5 c5 4. c3 Nc6 5. Nf3 Qb6 6. a3 cxd4 7. cxd4 Nh6 8. b4 Nf5 9. Bb2 Bd7 10. g4 Nfe7 11. Nc3 Na5 12. Na4 Bxa4 13. Qxa4+ Nac6 14. Rc1 a6 15. Bd3 Qd8 16. 0-0 b5 17. Qd1 h5 18. g5 g6 19. Qe2 Qd7 20. Rc2 Nc8 21. Rfc1 N8a7 22. Nd2 Be7 23. h4 0-0 24. Nb3 Rfc8 25. Nc5 Bxc5 26. Rxc5 Ne7 27. a4 Rxc5 28. Rxc5 Rc8 29. Rxc8+ Qxc8 30. a5 Nac6 31. Qd2 Nd8 32. Qc3 Qxc3 33. Bxc3 Nf5 34. Bxf5 exf5 35. Kg2 Ne6 36. Kg3 f4+ 37. Kf3 Kf8 38. Ke2 Ng7 39. Kf3 Nf5 40. Kxf4 Nxh4 41. Bb2 Ke7 42. Bc3 Ke6 43. Bd2 Nf5 44. Bc3 Ne7 45. Bd2 Nc6 46. Bc3 h4 47. Kg4 h3 48. Kxh3 Kf5 49. Kh4 Kf4 0-1

[Event "Warsaw YMCA Spring 36th"]
[Site "Warsaw"]
[Date "2007.05.09"]
[Round "5"]
[White "Moskwinski, Tadeusz"]
[Black "Pekacki, Stanislaw"]
[Result "1-0"]
[WhiteElo "2238"]
[BlackElo "2079"]
[PlyCount "85"]
[EventDate "2007.04.06"]
[EventType "tourn"]
[EventRounds "11"]
[EventCountry "POL"]
[SourceTitle "EXT 2011"]
[Source "ChessBase"]
[SourceDate "2010.11.26"]
[SourceVersion "1"]
[SourceVersionDate "2010.11.26"]
[SourceQuality "1"]

1. e4 c5 2. Nf3 Nc6 3. d4 cxd4 4. Nxd4 g6 5. c4 Bg7 6. Be3 Nf6 7. Nc3 Ng4 8. Qxg4 Nxd4 9. Qd1 e5 10. Nb5 0-0 11. Be2 Qa5+ 12. Bd2 Qb6 13. 0-0 d6 14. a4 Be6 15. Bd3 a6 16. a5 Qc6 17. Nxd4 exd4 18. Ra4 b5 19. axb6 Qxb6 20. Qa1 Bc8 21. Qa3 Bb7 22. Ba5 Qc6 23. Rb4 Rfb8 24. Rb6 Qc5 25. f4 Bf8 26. b4 Qc7 27. Qa4 Qe7 28. Re1 f5 29. e5 dxe5 30. Rxe5 Qh4 31. g3 Qh3 32. Bf1 Qg4 33. c5 Be4 34. Qb3+ Kg7 35. Rbe6 Kh6 36. h3 Qh5 37. Bc7 Rxb4 38. Qxb4 Qf3 39. Rxe4 fxe4 40. Qxd4 Qxg3+ 41. Bg2 Bg7 42. Qd2 Rf8 43. f5+ 1-0

[Event "Warsaw YMCA Spring 36th"]
[Site "Warsaw"]
[Date "2007.04.06"]
[Round "1"]
[White "Luksik, Mateusz"]
[Black "Pekacki, Stanislaw"]
[Result "1-0"]
[WhiteElo "2130"]
[BlackElo "2079"]
[PlyCount "85"]
[EventDate "2007.04.06"]
[EventType "tourn"]
[EventRounds "11"]
[EventCountry "POL"]
[SourceTitle "EXT 2011"]
[Source "ChessBase"]
[SourceDate "2010.11.26"]
[SourceVersion "1"]
[SourceVersionDate "2010.11.26"]
[SourceQuality "1"]

1. e4 c5 2. Nc3 Nc6 3. f4 g6 4. Nf3 Bg7 5. Bc4 e6 6. 0-0 Nge7 7. Qe1 Nd4 8. Nxd4 cxd4 9. Ne2 0-0 10. Bb3 d6 11. d3 f5 12. exf5 Nxf5 13. Ng3 d5 14. Nxf5 exf5 15. Bd2 Re8 16. Qf2 Be6 17. Rfe1 Qd7 18. c3 dxc3 19. Bxc3 Bf7 20. Bxg7 Kxg7 21. Qd4+ Kg8 22. Rxe8+ Rxe8 23. Qxa7 Re2 24. Kf1 Rxb2 25. Qb8+ Qe8 26. Qxe8+ Bxe8 27. Bxd5+ Bf7 28. Bf3 b5 29. a4 bxa4 30. Rxa4 Bb3 31. Rb4 Rb1+ 32. Kf2 Bc2 33. Rxb1 Bxb1 34. Bd5+ Kf8 35. Ke3 h6 36. Kd2 g5 37. Bc4 gxf4 38. Kc1 Bxd3 39. Bxd3 Ke7 40. Bxf5 Kf6 41. Bg4 Kg5 42. Bf3 h5 43. h3 1-0